Image directory for the understanding earth videodisc
Αποθηκεύτηκε σε:
| Μορφή: | Βιβλίο |
|---|---|
| Γλώσσα: | English |
| Δημοσίευση: |
Seattle :
Videodiscovery,
c1994
|
| Θέματα: | |
| Ετικέτες: |
Προσθήκη ετικέτας
Δεν υπάρχουν, Καταχωρήστε ετικέτα πρώτοι!
|
MARC
| LEADER | 00000nam a2200000 i 4500 | ||
|---|---|---|---|
| 001 | 1/10322 | ||
| 008 | 000831s1994 eng d | ||
| 020 | |a 1-56307-225-4 | ||
| 035 | |l 10063394 | ||
| 040 | |a GR-MY-UA |b gre |e aacr | ||
| 041 | 0 | |a eng | |
| 082 | 0 | |a 550 | |
| 245 | 1 | 0 | |a Image directory for the understanding earth videodisc |
| 246 | 3 | 3 | |a Understanding earth videodisc directory |
| 260 | |a Seattle : |b Videodiscovery, |c c1994 | ||
| 300 | |a 402 p. | ||
| 650 | 0 | 0 | |a Earth sciences. |
| 852 | |a INST |b LESVOS |e 20000831 |h 550 IMA |p 005100024020 |q 005100024020 |t BK |y 0 | ||
| 852 | |a INST |b LESVOS |e 20210311 |h 550 IMA |p 005100063406 |q 005100063406 |t BK |y 0 | ||
| 901 | |a BIBL1-2000-2 | ||
| 909 | |a Λ |b 059399 | ||
| 922 | |a 1ΕΛΗ |b 199809 |c ΚΠΣ/ΤΠ |d ΠΑΠΑΣΩΤΗΡΙΟΥ | ||
| 970 | |z 2000/08/ΣΟΦΙΑ | ||